Alle Formel 1-Grand-Prix-Sieger - Statistiken

Allgemein
  • Dieses Quiz wurde 202 mal gespielt
    27 seit der letzten Aktualisierung
  • Das Durchschnittsergebnis liegt bei 49 aus 116
Antwortstatistiken
Fahrer Erster Sieg Team Nation % Korrekt
Kimi Räikkönen 23.03.2003 McLaren-Mercedes Finnland
100%
Max Verstappen 15.05.2016 Red Bull-TAG Heuer Niederlande
100%
Michael Schumacher 30.08.1992 Benetton-Ford Deutschland
100%
Ralf Schumacher 15.04.2001 BMW Williams Deutschland
100%
Sebastian Vettel 14.09.2008 Toro Rosso Deutschland
100%
Fernando Alonso 24.08.2003 Renault Spanien
96%
Keke Rosberg 29.08.1982 Williams-Ford Finnland
96%
Nico Rosberg 15.04.2012 Mercedes Deutschland
96%
Lewis Hamilton 10.06.2007 McLaren-Mercedes Vereinigtes Königreich
91%
Sergio Pérez 06.12.2020 Racing Point-BWT Mercedes Mexiko
87%
Valtteri Bottas 30.04.2017 Mercedes Finnland
87%
Carlos Sainz jr. 03.07.2022 Ferrari Spanien
83%
Charles Leclerc 01.06.2019 Ferrari Monaco
83%
Daniel Ricciardo 08.06.2014 Red Bull-Renault Australien
83%
Lando Norris 05.05.2024 McLaren Vereinigtes Königreich
83%
Mika Häkkinen 26.10.1997 McLaren-Mercedes Finnland
83%
Oscar Piastri 21.07.2024 McLaren Australien
83%
Robert Kubica 08.06.2008 BMW Sauber Polen
83%
Andrea Kimi Antonelli 14.03.2026 Mercedes Italien
78%
Ayrton Senna 21.04.1985 Lotus-Renault Brasilien
78%
George Russell 13.11.2022 Mercedes Vereinigtes Königreich
78%
Gilles Villeneuve 08.10.1978 Ferrari Kanada
78%
Jacques Villeneuve 28.04.1996 Williams-Renault Kanada
78%
Alain Prost 05.07.1981 Renault Frankreich
74%
Esteban Ocon 01.08.2021 Alpine-Renault Frankreich
74%
Jenson Button 06.08.2006 Honda Vereinigtes Königreich
74%
Mark Webber 12.07.2009 Red Bull-Renault Australien
74%
Pastor Maldonado 13.05.2012 Williams-Renault Venezuela
74%
Pierre Gasly 06.09.2020 AlphaTauri-Honda Frankreich
74%
Heinz-Harald Frentzen 27.04.1997 Williams-Renault Deutschland
70%
Jochen Mass 27.04.1975 McLaren-Ford Deutschland
70%
Juan Manuel Fangio 21.05.1950 Alfa Romeo Argentinien
70%
Niki Lauda 18.08.1974 Ferrari Österreich
70%
Rubens Barrichello 30.07.2000 Ferrari Brasilien
70%
Damon Hill 15.08.1993 Williams-Renault Vereinigtes Königreich
65%
Graham Hill 20.05.1962 B.R.M. Vereinigtes Königreich
65%
Jack Brabham 10.05.1959 Cooper-Climax Australien
65%
Jackie Stewart 12.09.1965 B.R.M. Vereinigtes Königreich
65%
Phil Hill 04.09.1960 Ferrari USA
65%
Emerson Fittipaldi 04.10.1970 Lotus-Ford-Cosworth Brasilien
61%
Felipe Massa 27.08.2006 Ferrari Brasilien
61%
Jochen Rindt 05.10.1969 Lotus-Ford-Cosworth Österreich
61%
Alberto Ascari 29.07.1951 Ferrari Italien
57%
David Coulthard 24.09.1995 Williams-Renault Vereinigtes Königreich
57%
Gerhard Berger 12.10.1986 Benetton-BMW Österreich
57%
Jody Scheckter 01.03.1975 Tyrrell-Ford Südafrika
57%
Juan Pablo Montoya 16.09.2001 BMW Williams Kolumbien
57%
Nelson Piquet 30.03.1980 Brabham-Ford Brasilien
57%
Nigel Mansell 06.10.1985 Williams-Honda Vereinigtes Königreich
57%
Eddie Irvine 07.03.1999 Ferrari Vereinigtes Königreich
52%
Giuseppe Farina 13.05.1950 Alfa Romeo Italien
48%
Heikki Kovalainen 03.08.2008 McLaren-Mercedes Finnland
48%
Alan Jones 14.08.1977 Shadow-Ford Australien
43%
Giancarlo Fisichella 06.04.2003 Jordan-Ford Italien
43%
James Hunt 22.06.1975 Hesketh-Ford Vereinigtes Königreich
43%
Mario Andretti 24.10.1976 Lotus-Ford USA
43%
Stirling Moss 16.07.1955 Mercedes-Benz Vereinigtes Königreich
43%
Bruce McLaren 12.12.1959 Cooper-Climax Neuseeland
39%
Jarno Trulli 23.05.2004 Renault Italien
39%
Jim Clark 17.06.1962 Lotus-Climax Vereinigtes Königreich
39%
Riccardo Patrese 23.05.1981 Brabham-Ford Italien
39%
Wolfgang von Trips 22.05.1961 Ferrari Deutschland
39%
Jacky Ickx 07.07.1968 Ferrari Belgien
35%
Mike Hawthorn 05.07.1953 Ferrari Vereinigtes Königreich
35%
Olivier Panis 19.05.1996 Ligier-Mugen-Honda Frankreich
35%
Denis Hulme 07.05.1967 Brabham-Repco Neuseeland
30%
John Surtees 04.08.1963 Ferrari Vereinigtes Königreich
30%
Carlos Reutemann 30.03.1974 Brabham-Ford Argentinien
26%
Clay Regazzoni 06.09.1970 Ferrari Schweiz
26%
Ronnie Peterson 01.07.1973 Lotus-Ford Schweden
26%
Alessandro Nannini 22.10.1989 Benetton-Ford Italien
22%
Jean Alesi 11.06.1995 Ferrari Frankreich
22%
Johnny Herbert 16.07.1995 Benetton-Renault Vereinigtes Königreich
22%
Thierry Boutsen 10.06.1989 Williams-Renault Belgien
22%
Elio de Angelis 15.08.1982 Lotus-Ford Italien
17%
René Arnoux 27.01.1980 Renault Frankreich
17%
John Watson 15.08.1976 Penske-Ford Vereinigtes Königreich
13%
José Froilán González 14.07.1951 Ferrari Argentinien
13%
Luigi Fagioli 01.07.1951 Alfa Romeo Italien
13%
Piero Taruffi 18.05.1952 Ferrari Italien
13%
Roger Ward 30.05.1959* Watson-Offenhauser USA
13%
Tony Brooks 20.07.1957 Vanwall Vereinigtes Königreich
13%
Bill Vukovich 30.05.1953* Kurtis-Offenhauser USA
9%
Bob Sweikert 30.05.1955* Kurtis-Offenhauser USA
9%
Carlos Pace 26.01.1975 Brabham-Ford Brasilien
9%
François Cevert 03.10.1971 Tyrrell-Ford-Cosworth Frankreich
9%
Giancarlo Baghetti 02.07.1961 Ferrari Italien
9%
Jacques Lafitte 19.06.1977 Ligier-Mantra Frankreich
9%
Johnnie Parsons 30.05.1950* Kurtis-Offenhauser USA
9%
Ludovico Scarfiotti 04.09.1966 Ferrari Italien
9%
Luigi Musso 22.01.1956 Ferrari Italien
9%
Maurice Trintignant 22.05.1955 Ferrari Frankreich
9%
Patrick Tambay 08.08.1982 Ferrari Frankreich
9%
Pedro Rodríguez 02.01.1967 Cooper-Maserati Mexiko
9%
Peter Collins 03.06.1956 Ferrari Vereinigtes Königreich
9%
Sam Hanks 30.05.1957* Salih-Epperly-Offenhauser USA
9%
Troy Ruttman 30.05.1952* Kuzma-Offenhauser USA
9%
Dan Gurney 08.07.1962 Porsche USA
4%
Gunnar Nilsson 05.06.1977 Lotus-Ford Schweden
4%
Innes Ireland 08.10.1961 Lotus-Climax Vereinigtes Königreich
4%
Jean-Pierre-Beltoise 14.05.1972 B.R.M. Frankreich
4%
Jean-Pierre Jabouille 01.07.1979 Renault Frankreich
4%
Jimmy Bryan 30.05.1958* Salih/Epperly-Offenhauser USA
4%
Jim Rathmann 30.05.1960* Watson USA
4%
Joakim Bonnier 31.05.1959 B.R.M. Schweden
4%
Joseph Siffert 20.07.1968 Lotus-Ford-Cosworth Schweiz
4%
Lee Wallard 30.05.1951* Kurtis-Offenhauser USA
4%
Lorenzo Bandini 23.08.1964 Ferrari Italien
4%
Michele Alboreto 25.09.1982 Tyrrell-Ford Italien
4%
Pat Flaherty 30.05.1956* Watson-Offenhauser USA
4%
Patrick Depailler 07.05.1978 Tyrrell-Ford Frankreich
4%
Peter Gethin 05.09.1971 B.R.M. Vereinigtes Königreich
4%
Peter Revson 14.07.1973 McLaren-Ford USA
4%
Richie Ginther 24.10.1965 Honda USA
4%
Vittorio Brambilla 17.08.1975 March-Ford Italien
4%
Didier Peroni 04.05.1980 Ligier-Ford Frankreich
0%
Keine übereinstimmenden Quizze gefunden
Verteilung der Resultate
Anzahl Personen mit jedem Resultat
Perzentil nach korrekt beantworteten Fragen
Ihre Resultats-Entwicklung
Sie haben dieses Quiz seit der letzten Aktualisierung nicht gespielt